Методические разработки по сельскохозяйственной радиологии / (Record no. 242352)
[ view plain ]
| 000 -LEADER | |
|---|---|
| fixed length control field | 01760nam a2200229 u 4500 |
| 001 - CONTROL NUMBER | |
| control field | 000593699 |
| 003 - CONTROL NUMBER IDENTIFIER | |
| control field | AM-YeHGA |
| 005 - DATE AND TIME OF LATEST TRANSACTION | |
| control field | 20250617141634.0 |
| 008 - FIXED-LENGTH DATA ELEMENTS--GENERAL INFORMATION | |
| fixed length control field | 080731s1974 ai | |||||||||||||rus|d |
| 040 ## - CATALOGING SOURCE | |
| Original cataloging agency | AM-YeHGA |
| 041 0# - LANGUAGE CODE | |
| Language code of text/sound track or separate title | rus |
| 090 ## - LOCALLY ASSIGNED LC-TYPE CALL NUMBER (OCLC); LOCAL CALL NUMBER (RLIN) | |
| -- | 243932 |
| 245 00 - TITLE STATEMENT | |
| Title | Методические разработки по сельскохозяйственной радиологии / |
| Statement of responsibility, etc. | Мин. сель. хоз. СССР; Моск. сельскохоз. акад. им. К.А. Тимирязева, Каф. прикладной атомной физики и радиохимии. |
| 260 ## - PUBLICATION, DISTRIBUTION, ETC. | |
| Place of publication, distribution, etc. | Москва : |
| Name of publisher, distributor, etc. | Б. и., |
| Date of publication, distribution, etc. | 1974. |
| 300 ## - PHYSICAL DESCRIPTION | |
| Extent | Ч. ; |
| Dimensions | 21 см. |
| 505 10 - FORMATTED CONTENTS NOTE | |
| Miscellaneous information | Часть III (1973, 25 с.) : |
| Title | Радиологическая лаборатория |
| Statement of responsibility | Сост. В.В. Рачинский, В.С. Чиков |
| Miscellaneous information | Часть V (1973, 28 с.) : |
| Title | Радиохимические методы определения концентрации стронция-90 и цезия 137 в почвах |
| Statement of responsibility | Сост. А.Д. Фокин |
| Miscellaneous information | Часть VIII (1974, 22 с.) : |
| Title | Радиохимические методы определения концентрации цезия-137, стронция-90, церия-144, рутения-106, йода-131 в растительных материалах |
| Statement of responsibility | Сост. А.Д. Фокин |
| 650 14 - SUBJECT ADDED ENTRY--TOPICAL TERM | |
| Topical term or geographic name entry element | Сельское хозяйство |
| 650 14 - SUBJECT ADDED ENTRY--TOPICAL TERM | |
| Topical term or geographic name entry element | Радиология |
| 700 1# - ADDED ENTRY--PERSONAL NAME | |
| Personal name | Фокин, А.Д. |
| Relator term | сост. |
| Relationship | com |
| 710 2# - ADDED ENTRY--CORPORATE NAME | |
| Corporate name or jurisdiction name as entry element | Министерство сельского хозяйства СССР |
| 710 2# - ADDED ENTRY--CORPORATE NAME | |
| Corporate name or jurisdiction name as entry element | Московская сельскохозяйственная академия им. К.А. Тимирязева |
| Subordinate unit | Кафедра прикладной атомной физики и радиохимии |
| Withdrawn status | Lost status | Damaged status | Not for loan | Collection | Home library | Current library | Date acquired | Serial enumeration / chronology | Total checkouts | Full call number | Barcode | Date last seen | Price effective from | Koha item type | Public note |
|---|---|---|---|---|---|---|---|---|---|---|---|---|---|---|---|
| General | Fundamental Scientific Library | Fundamental Scientific Library | 28/12/2016 | Ч. 5 | PII/323113 | FL0244899 | 28/12/2016 | 28/12/2016 | Գրքեր / Books | 30 Days Loan | |||||
| General | Fundamental Scientific Library | Fundamental Scientific Library | 28/12/2016 | Ч. 3 | PII/323126 | FL0244912 | 28/12/2016 | 28/12/2016 | Գրքեր / Books | 30 Days Loan |
ՀՀ Գիտությունների ազգային ակադեմիայի հիմնարար գիտական գրադարան = Fundamental Scientific Library of NAS RA
All site content, except where otherwise noted, is licensed under a